Ética y Libertad : la pars construens de la filosofía foucaultiana /

El artículo aborda el sentido de la cuestión ética dentro del pensamiento de Foucault. En primer lugar, identificamos dos críticas dentro de su obra: al sujeto como categoría y al sujeto como producto de relaciones de poder y saber. Tales críticas operarían como condición de posibilidad de la pregun...

Full description

Bibliographic Details
Main Author: Castro Orellana, Rodrigo
Format: Analitica de revista
Language:Spanish
Published: Santiago, Chile Universidad de Chile 2006
Subjects:
Online Access:Acceso electrónico al documento

MARC

LEADER 00000cab a2200000 a 4500
001 040416
003 UAHC_CL
005 20180801174730.0
008 060901s2006 cl 000 spa
952 |0 0  |1 0  |4 0  |6 REV___FILOS_62_06_000000000000000  |7 0  |8 General  |9 76139  |a BC  |b BC  |c General  |d 2017-08-03  |l 0  |o REV. FILOS.-62/06  |p FICTICIO15088  |r 2019-01-08 00:00:00  |t 1  |w 2017-08-03  |y REVA 
999 |c 40416  |d 40416 
040 |a UAHC_CL  |c UAHC_CL  |d UAHC_CL 
100 1 |a Castro Orellana, Rodrigo 
245 1 0 |a Ética y Libertad :  |b la pars construens de la filosofía foucaultiana /  |c Rodrigo Castro Orellana. 
260 |b Universidad de Chile  |a Santiago, Chile  |c 2006 
300 |a pp. 117-138 
500 |a En: Revista de filosofía, no. 62, 2006. p. 117-138. ISSN 00348236. 
520 |a El artículo aborda el sentido de la cuestión ética dentro del pensamiento de Foucault. En primer lugar, identificamos dos críticas dentro de su obra: al sujeto como categoría y al sujeto como producto de relaciones de poder y saber. Tales críticas operarían como condición de posibilidad de la pregunta por la ética. Posteriormente, estudiamos la genealogía de esta nueva dimensión de lo ético, analizando sus diversas configuraciones históricas. De dicho trabajo surge la necesidad de actualizar una estética de la existencia. Esto último se enfrenta a partir de una reelaboración de lo que sería la pars construens de la filosofía foucaultiana, cuyo aspecto central reside en la propuesta de una ética como cuidado de la libertad. 
600 1 4 |a FOUCAULT, MICHEL  |d 1926-1984  |x CRITICA E INTERPRETACION 
650 4 |a ETICA 
650 4 |a GENEALOGIA 
653 |a ANTROPOLOGIA 
773 0 |t Revista de Historia Indígena.  |w 034069 
856 |u http://www.revistafilosofia.uchile.cl/index.php/RDF/article/viewFile/18331/19370  |y Acceso electrónico al documento 
900 |a REV. FILOS.-62/06 
942 |c REVA  |2 ddc